Tabvla Imperii Romani : (Registro nro. 41379)
[ vista simple ]
| 000 -CABECERA | |
|---|---|
| campo de control de longitud fija | 00746nam a2200157 a 4500 |
| 001 - NÚMERO DE CONTROL | |
| campo de control | 000041890 |
| 005 - FECHA Y HORA DE LA ÚLTIMA TRANSACCIÓN | |
| campo de control | 20201002035820.0 |
| 008 - DATOS DE LONGITUD FIJA--INFORMACIÓN GENERAL | |
| campo de control de longitud fija | 131021s1995 sp ab 000 0 spa d |
| 020 ## - NÚMERO INTERNACIONAL ESTÁNDAR DEL LIBRO | |
| ISBN cancelado o inválido | 8478190651 |
| 040 ## - FUENTE DE LA CATALOGACIÓN | |
| Centro catalogador/agencia de origen | DO-SdBNP |
| Lengua de catalogación | spa |
| Centro/agencia transcriptor | BNPHU |
| 245 00 - MENCIÓN DE TÍTULO | |
| Título | Tabvla Imperii Romani : |
| Resto del título | Hoja J-29, Lisboa : Emerita, Scallabis, Pax Ivlia, Gades : sobre la base cartográfica del mapa a escala 1:1.000.000 del IGN / |
| Mención de responsabilidad, etc. | editores : Jorge de Alarcâo ... [et al.] ; texto rev. por: Adela Cepas Palanca ... [et al.]. |
| 260 ## - PUBLICACIÓN, DISTRIBUCIÓN, ETC. | |
| Lugar de publicación, distribución, etc. | Madrid : |
| Nombre del editor, distribuidor, etc. | Instituto Geográfico Nacional, |
| -- | Consejo Superior de Investigaciones Científicas, |
| Fecha de publicación, distribución, etc. | 1995. |
| 300 ## - DESCRIPCIÓN FÍSICA | |
| Extensión | 219 p. : |
| Otras características físicas | il., + 1 map. pleg. ; |
| Dimensiones | 24 cm. |
| 504 ## - NOTA DE BIBLIOGRAFÍA, ETC. | |
| Nota de bibliografía, etc. | Bibliografía: p. 12-22 |
| 700 12 - PUNTO DE ACCESO ADICIONAL--NOMBRE DE PERSONA | |
| Nombre de persona | Alarcâo, Jorge de |
| Término indicativo de función/relación | edt. |
| 9 (RLIN) | 68778 |
| Estado de retiro | Estado de pérdida | Restricciones de uso | No para préstamo | Código de colección | Localización permanente | Ubicación/localización actual | Ubicación en estantería | Fecha de adquisición | Número de inventario | Total de préstamos | Signatura topográfica completa | Código de barras | Fecha visto por última vez | Precio válido a partir de | Tipo de ítem Koha | Número de copia |
|---|---|---|---|---|---|---|---|---|---|---|---|---|---|---|---|---|
| Excluido de préstamo | Monografías: Libros y Folletos | General | General | En catalogación | 21.10.2013 | LF1 | 41890-10 | 25.06.2020 | 25.06.2020 | No se presta | ||||||
| Extraviado | Excluido de préstamo | Monografías: Libros y Folletos | General | General | Extraviado | 23.10.2013 | LF1 | 41890-20 | 25.06.2020 | 25.06.2020 | No se presta | e. 2 | ||||
| Extraviado | Monografías: Libros y Folletos | General | General | Extraviado | 23.10.2013 | LF1 | 41890-30 | 25.06.2020 | 25.06.2020 | Préstamo en sala | e. 3 |
